00595nam a2200193Ia 4500008004100000020001500041082001200056100001600068245004800084250000700132260003100139300002900170500001900199600002700218650001300245942000700258952012100265999001500386240925s9999 xx 000 0 und d a8121900093 a425 WRE aWren ,P. C. 0aHigh School English Grammar and Composition aNA aIndia:bS.Chand Coc,2001. axxiv,855p.bNAfOriginal aIncludes Index aEngineering Technology aLanguage cBK 001040708ETaUITUbUITUd2001-07-08eExtas T .Assg120.00l0o425 WREpQ3841r2024-09-25 07:13:18w2024-09-25yBK c6340d6340